Notre-Dame de Paris - Le roman - Statistiques

Statistiques générales
  • Ce quiz a été pris 404 fois
  • Le résultat moyen est 13 sur 17
Statistiques - réponses
Question Réponse % Correct
Qui a écrit ce roman ? Victor Hugo
100%
Bohémienne âgée de seize ans qui gagne sa vie en dansant dans les rues de Paris. Esmeralda
96%
Carillonneur de Notre-Dame, un homme à l'apparence repoussante mais qui serévèle être sensible et amoureux du personnage précédent. Quasimodo
94%
Nom populaire donné aux personnes atteinte d'une cypho-scoliose très grave comme lui. Bossu
92%
Le roman a été adapté en une ____ _____ à succès, avec entre autre Hélène Ségara, Garou, Patrick Fiori et Julie Zenatti. Comédie musicale
89%
Évènement survenu le 15 avril 2019 qui a fortement relancé les ventes du roman. L'incendie de Notre-Dame
89%
Fiancée de ce dernier, qui se trouve être très jalouse de la bohémienne.Elle porte un nom de fleur royale. {Fleur-de-Lys} de Gondelaurier
84%
Mouvement littéraire auquel il appartient. Romantisme
79%
Par ailleurs, cette adaptation est un projet franco-______. québécois
76%
Île située sur la Seine en plein cœur de Paris sur laquelle se trouve la cathédrale. Île de la Cité
74%
Au même moment, quel personnage est poussé par le bossu du haut de la cathédrale ? Claude {Frollo}
72%
La bohémienne est souvent accompagnée de Djali. Mais quel animal est Djalil ? Une chèvre
70%
Capitaine de la garde, attiré par la bohémienne. Il porte le nom romain d'Apollon. {Phœbus} de Châteaupers
61%
Roi de France de 1461 à 1483, dépeint dans le roman comme un roi cruel et avare. Louis XI
57%
Le bossu est jugé dans cette forteresse parisienne, qu'on rattache plutôt aujourd'huià une station de métro dont il est difficile de sortir. Châtelet
48%
Ancien nom de la place de l'Hôtel-de-Ville à Paris, où à lieu l'execution de la bohémienne. Place de {Grève}
43%
L'auteur pointant du doigt le mauvais état de conservation de la cathédrale, c'est cet architecte célèbre qui s'attela à la restaurer de 1845 à 1864. Eugène Viollet-le-Duc
36%
Aucun quiz correspondant
Distribution des résultats
% des personnes avec chaque résultat
Percentile par nombre de réponses
Votre historique - résultats
Vous n’avez pas pris ce quiz